MS/Thesis:Model Reduction of Large Scale Gas Distribution Networks (Record no. 531489)

000 -LEADER
fixed length control field 00426nam a22001457a 4500
003 - CONTROL NUMBER IDENTIFIER
control field NUST
005 - DATE AND TIME OF LATEST TRANSACTION
control field 20191017160413.0
038 ## - RECORD CONTENT LICENSOR
Staff Name Nusrat Nadeem
082 ## - DEWEY DECIMAL CLASSIFICATION NUMBER
Classification number 004 JUN
100 ## - MAIN ENTRY--PERSONAL NAME
Personal name Nasir Muhammad Junaid
9 (RLIN) 24267
245 ## - TITLE STATEMENT
Title MS/Thesis:Model Reduction of Large Scale Gas Distribution Networks
Statement of responsibility, etc. Muhammad Junaid Nasir
260 ## - PUBLICATION, DISTRIBUTION, ETC.
Place of publication, distribution, etc. Islamabad
Name of publisher, distributor, etc. RCMS NUST
Date of publication, distribution, etc. 2018
700 ## - ADDED ENTRY--PERSONAL NAME
Relator code Dr. Mian Ilyas Ahmad(Supervisor)
942 ## - ADDED ENTRY ELEMENTS (KOHA)
Source of classification or shelving scheme
Koha item type Thesis
Holdings
Withdrawn status Lost status Source of classification or shelving scheme Damaged status Not for loan Permanent Location Current Location Shelving location Date acquired Total Checkouts Full call number Barcode Date last seen Price effective from Koha item type
          School of Interdisciplinary Engineering and Sciences (SINES) School of Interdisciplinary Engineering and Sciences (SINES) Thesis 10/17/2019   004 JUN RCMS003135 10/17/2019 10/17/2019 Thesis
© 2023 Central Library, National University of Sciences and Technology. All Rights Reserved.